Нейтронный активационный анализ на исследовательских реакторах; Атомная техника за рубежом; № 6

Bibliografiske detaljer
Parent link:Атомная техника за рубежом: научно-технический журнал/ Росатом; Государственная корпорация по атомной энергии; Ядерное общество России (ЯОР).— , 1957-.— 0320-9326
№ 6.— 2002.— С. 11-14
Hovedforfatter: Твэлов Ю.
Sprog:russisk
Udgivet: 2002
Serier:Рефераты
Fag:
Format: MixedMaterials Book Chapter
KOHA link:https://koha.lib.tpu.ru/cgi-bin/koha/opac-detail.pl?biblionumber=382929

MARC

LEADER 00000naa2a2200000 4500
001 382929
005 20231101063039.0
035 |a (RuTPU)RU\TPU\prd\7703 
090 |a 382929 
100 |a 20021023a2002 k y0rusy50 ca 
101 0 |a rus 
102 |a RU 
200 1 |a Нейтронный активационный анализ на исследовательских реакторах  |f Ю. Твэлов 
225 1 |a Рефераты 
320 |a Библиогр.: 7 назв. 
461 1 |0 (RuTPU)RU\TPU\prd\1300  |x 0320-9326  |t Атомная техника за рубежом  |o научно-технический журнал  |f Росатом; Государственная корпорация по атомной энергии; Ядерное общество России (ЯОР)  |d 1957- 
463 1 |0 (RuTPU)RU\TPU\prd\6066  |t № 6  |v С. 11-14  |d 2002 
610 1 |a нейтронный активационный анализ 
610 1 |a исследовательский реактор 
610 1 |a подготовка проб 
610 1 |a контроль качества 
675 |a 621.039.76  |v 3 
700 1 |a Твэлов  |b Ю. 
801 1 |a RU  |b 63413507  |c 20021023  |g PSBO 
801 2 |a RU  |b 63413507  |c 20120419  |g PSBO 
942 |c BK